Le avanguardie - Statistics

Statistiche generali
  • Questo quiz è stato fatto 60 volte
  • Il punteggio medio è 7 su 13
Statistiche sulle risposte
Anni Luoghi Esponenti Avanguardie % Corretto
1907-1914 Francia Pablo Picasso, Georges Braque, Robert Delaunay Cubismo
98%
1909-1939 Italia Filippo T. Marinetti, Umberto Boccioni, Giacomo Balla Futurismo
94%
1910-1926 Germania Vasilij Kandinskij, Paul Klee, Francis Picabia Astrattismo
83%
1924-1966 Francia Salvador Dalì, Joan Mirò, André Breton Surrealismo
79%
1916-1922 Svizzera, Francia, Germania Tristan Tzara, Marcel Duchamp, Hans Arp Dadaismo
77%
1905-1911 Francia, Germania Henri Matisse, Franz Marc, André Derain Espressionismo
77%
1917-1935 Italia Giorgio de Chirico, Antonio Savinio, Carlo Carrà Metafisismo
48%
1919-1933 Germania Walter Gropius, Hannes Meyer, Mies van der Rohe Bauhaus
33%
1915-1935 Russia Kazimir Malevic, El Lissitzkij, Olfa Rozanova Suprematismo
29%
1917-1929 Paesi Bassi Piet Mondrian, Theo Van Doesburg, Robert van't Hoff Neoplasticismo
27%
1917-1934 Russia Vladimir Tatlin, Aleksandr Rodcenko, Ivan Leonidov Costruttivismo
23%
1913-1917 Russia Michail Larionov, Natalja Gontcharova, Liubov Popoa Cubofuturismo
8%
1913-1915 Gran Bretagna Edward Wadsworth, Wyndham Lewis, William Roberts Vorticismo
6%
Nessun quiz corrispondente trovato
Distribuzione punteggi
Percentuale di utenti per punteggio
Percentile per numero di risposta
I tuoi punteggi nel tempo
Non hai fatto questo quiz